ბათუმის შოთა რუსთაველის სახელმწიფო უნივერსიტეტის ბიბლიოთეკა

ლოკალური ალგორითმების რეალიზების თანამედროვე კომპიუტერული ტექნოლოგიები და მისი კერძო შემთხვევები : (ბიბ.ჩანაწერი № 56190)

000 -ლიდერი
ფიქსირებული სიგრძის საკონტროლო ველი 01288nam a2200217Ia 4500
001 - საკონტროლო ნომერი
საკონტროლო ველი 23291
003 - საკონტროლო ნომრის იდენტიფიკატორი
საკონტროლო ველი GE_BSU
005 - ბოლო ოპერაციის თარიღი და დრო
საკონტროლო ველი 20220610123444.0
008 - ფიქსირებული სიგრძის მონაცემთა ელემენტები - ზოგადი ინფორმაცია
ფიქსირებული სიგრძის საკონტროლო ველი 181216s2013ge xx |||||||||||||| ||geo||
040 ## - კატალოგიზაციის წყარო
Transcribing agency GE_BSU
041 ## - ენის კოდი
Language code of text/sound track or separate title geo
080 ## - უნივერსალური ათობითი კლასიფიკაციის ინდექსი
Universal Decimal Classification number 519.95+004 ნ-21
100 ## - მთავარი ჩანაწერი - პიროვნების სახელი
Personal name ნაკაშიძე, გურამ
9 (RLIN) 1514
245 ## - ცნობა სათაურის შესახებ
Title ლოკალური ალგორითმების რეალიზების თანამედროვე კომპიუტერული ტექნოლოგიები და მისი კერძო შემთხვევები :
Remainder of title მონოგრაფია /
Statement of responsibility, etc გურამ ნაკაშიძე
264 ## - წარმოების, გამოცემის, დისტრიბუციის და სხვა ცნობები
გამოცემის, წარმოების, დისტრიბუციის... ადგილი ბათუმი :
გამოცემის, წარმოების, დისტრიბუციის... სახელწოდება შპს "პოლიგრაფ 2010",
გამოცემის, წარმოების, დისტრიბუციის... თარიღი 2013
300 ## - ფიზიკური აღწერა
Extent 236 გვ. :
Other physical details ილ ;
Dimensions 21სმ.
504 ## - BIBLIOGRAPHY, ETC. NOTE
Bibliography, etc ბიბლ. გვ.226-236
653 ## - INDEX TERM--UNCONTROLLED
Uncontrolled term დაპროგრამების პროცესი მათემატიკა
653 ## - INDEX TERM--UNCONTROLLED
Uncontrolled term ლოკალური ალგორითმების რეალიზების თანამედროვე კომპიუტერული ტექნოლოგიები და მისი კერძო შემთხვევები
942 ## - ADDED ENTRY ELEMENTS (KOHA)
Koha item type წიგნი
Source of classification or shelving scheme
ეგზემპლარები
ჩამოწერის სტატუსი დაკარგული ეგზემპლარის სტატუსი კლასიფიკაციის წყარო ან თაროზე გაწყობის სქემა დაზიანების სტატუსი არ გაიცემა მუდმივი მდებარეობა (დაცვის ადგილი) ამჟამინდელი ადგილსამყოფელი თაროზე განთავსების ადგილი შეძენის თარიღი ღირებულება, შესყიდვის ნორმალური ფასი სრული შენახვის შიფრი შტრიხკოდი ბოლო ოპერაციის თარიღი ეგზემპლარის მიმდევრობითი ნომერი (კეტერი?) ფასის ძალაში შესვლის თარიღი ეგზემპლარის სახეობა საჯარო შენიშვნა
          ბათუმის შოთა რუსთაველის სახელმწიფო უნივერსიტეტის მთავარი ბიბლიოთეკა ბათუმის შოთა რუსთაველის სახელმწიფო უნივერსიტეტის მთავარი ბიბლიოთეკა წიგნსაცავი 2018-12-17 10.00 519.95+004 ნ-21 58703 2018-12-17 58703 2018-12-17 წიგნი 10.00
          ბათუმის შოთა რუსთაველის სახელმწიფო უნივერსიტეტის მთავარი ბიბლიოთეკა ბათუმის შოთა რუსთაველის სახელმწიფო უნივერსიტეტის მთავარი ბიბლიოთეკა წიგნსაცავი 2018-12-17 10.00 519.95+004 ნ-21 58704 2018-12-17 58704 2018-12-17 წიგნი 10.00
          ბათუმის შოთა რუსთაველის სახელმწიფო უნივერსიტეტის მთავარი ბიბლიოთეკა ბათუმის შოთა რუსთაველის სახელმწიფო უნივერსიტეტის მთავარი ბიბლიოთეკა წიგნსაცავი 2018-12-17 10.00 519.95+004 ნ-21 58705 2018-12-17 58705 2018-12-17 წიგნი 10.00
          ბათუმის შოთა რუსთაველის სახელმწიფო უნივერსიტეტის მთავარი ბიბლიოთეკა ბათუმის შოთა რუსთაველის სახელმწიფო უნივერსიტეტის მთავარი ბიბლიოთეკა წიგნსაცავი 2022-06-10 10.00 519.95+004 ნ-21 62640 2022-06-10 62640 2022-06-10 წიგნი 10.00
          ბათუმის შოთა რუსთაველის სახელმწიფო უნივერსიტეტის მთავარი ბიბლიოთეკა ბათუმის შოთა რუსთაველის სახელმწიფო უნივერსიტეტის მთავარი ბიბლიოთეკა წიგნსაცავი 2022-06-10 10.00 519.95+004 ნ-21 62641 2022-06-10 62641 2022-06-10 წიგნი 10.00
          ბათუმის შოთა რუსთაველის სახელმწიფო უნივერსიტეტის მთავარი ბიბლიოთეკა ბათუმის შოთა რუსთაველის სახელმწიფო უნივერსიტეტის მთავარი ბიბლიოთეკა წიგნსაცავი 2022-06-10 10.00 519.95+004 ნ-21 62642 2022-06-10 62642 2022-06-10 წიგნი 10.00